The world's money; gold and the problem of international liquidity

Salvato in:
Dettagli Bibliografici
Autore principale: Boarman, Patrick M.
Natura: Libro
Lingua:Undetermined
Pubblicazione: Lewisburg Dept. of Economics, Bucknell University 1965
Soggetti:
Tags: Aggiungi Tag
Nessun Tag, puoi essere il primo ad aggiungerne! !
Thư viện lưu trữ: Trung tâm Học liệu Trường Đại học Cần Thơ
LEADER 00547nam a2200181Ia 4500
001 CTU_81279
008 210402s9999 xx 000 0 und d
082 |a 332.4222 
082 |b B662 
100 |a Boarman, Patrick M. 
245 4 |a The world's money; gold and the problem of international liquidity 
245 0 |c Patrick M. Boarman 
260 |a Lewisburg 
260 |b Dept. of Economics, Bucknell University 
260 |c 1965 
650 |a Gold standard 
904 |i Trọng Hải 
980 |a Trung tâm Học liệu Trường Đại học Cần Thơ